000
00216nam a22000857a 4500
008
170127b xxu||||| |||| 00| 0 eng d
100
_9
2600
_a
Aggarwal.R.S
245
_a
General Knowledge
260
_a
New Delhi
_b
S.Chand
_c
2012
999
_c
5738
_d
5738